Sports Quiz

Random Sports or NFL Quiz

Ohio Big 4 Teams Quiz Stats

 Plays Quiz Updated Feb 20, 2018

Challenge
Share
Tweet
Embed
Score 0/6 Timer 01:00
23 Plays Today
% Correct
Cleveland Browns
97.6%
Cleveland Cavaliers
94.6%
Cleveland Indians
94.6%
Cincinnati Bengals
94%
Cincinnati Reds
92.1%
Columbus Blue Jackets
75.4%

You're not logged in!

Compare scores with friends on all Sporcle quizzes.
Join for Free
OR
Log In

You Might Also Like...

Show Comments

Extras

Top Quizzes Today


Score Distribution

Your Account Isn't Verified!

In order to create a playlist on Sporcle, you need to verify the email address you used during registration. Go to your Sporcle Settings to finish the process.

Report this User

Report this user for behavior that violates our Community Guidelines.

Details: